| 000 | 00742nab a2200241 a 4500 | ||
|---|---|---|---|
| 001 | 28405 | ||
| 003 | 93396 | ||
| 005 | 20201118100538.0 | ||
| 008 | ||||||n9999 ||| || || | ||
| 041 | _aspa | ||
| 100 | _aTorres Restrepo, Camilo Jorge, Padre | ||
| 245 | 0 | _aFactores externos que han influido sobre el sistema administrativo colombiano | |
| 260 |
_aBogotá : _bEscuela Superior de Administración Pública - ESAP, _c1963. |
||
| 300 | _ap.v. | ||
| 562 | _e0 | ||
| 650 | _aCONCENTRACION URBANA | ||
| 650 | _aDESCENTRALIZACIÓN | ||
| 650 | _aREFORMA AGRARIA | ||
| 650 | _aSISTEMAS ADMINISTRATIVOS | ||
| 650 | _aVIOLENCIA | ||
| 773 |
_028393 _aAdministracion publica en los paises en desarrollo ... (v1) |
||
| 942 | _cANADO | ||
| 999 |
_c28405 _d28405 |
||